000
00388nam a2200133Ia 4500
008
100328s9999 xx 000 0 und d
082
_b
66340
100
_a
नायक श्रीकांत.
245
_a
चक्रव्यूह.
260
_b
ज्ञानदत्त.
630
_a
चक्रव्यूह.
730
_a
चक्रव्यूह.
942
_c
BOOK
999
_c
552080
_d
552077